PETRONAS : heritage mapbook of Peninsular Malaysia

Bibliographic Details
Format: Book
Published: Kuala Lumpur : PETRONAS , 1990
Subjects:

MARC

LEADER 00000cam a2200000 7i4500
001 0000002875
002 000003111
005 20080515.0
020 |a 9839672010 
090 0 0 |a 912.595   |b PET 
245 0 0 |a PETRONAS :   |b heritage mapbook of Peninsular Malaysia 
260 |a Kuala Lumpur :   |b PETRONAS ,   |c 1990 
300 |a 92p. :   |b ill ;   |c 25cm. 
651 0 |a Malaysia, Peninsular   |x Map 
651 0 |a Malaysia   |x Tourism 
651 0 |a Malaysia   |x Travel and description 
740 0 |a Haitage mapbooks of Penisular Malaysia 
999 |a 036447   |b BUKU   |c MALAYSIANA   |e PERPUSTAKAAN KOMUNITI PETALING JAYA